Fotosíntesis.
La fotosíntesis. Proceso de conversión de la energía solar para constituir el alimento. Su importancia en la continuidad de la vida. La clorofila. Experimentación en algas.
Guardado en:
| Formato: | |
|---|---|
| Series: | Educable
|
| Materias: | |
| Etiquetas: |
Agregar Etiqueta
Sin Etiquetas, Sea el primero en etiquetar este registro!
|
| LEADER | 00889ngm a22002535g 4500 | ||
|---|---|---|---|
| 001 | CEM.cems022606 | ||
| 008 | 130507b2001##################0###0#####d | ||
| 005 | 20241111144544.0 | ||
| 245 | 0 | 0 | |a Fotosíntesis. |
| 300 | |a 22'. | ||
| 490 | 0 | |a Educable | |
| 500 | |a En soporte VHS, consultar en ventanilla. | ||
| 538 | |a Soporte: VHS - Norma: Pal N - Color: Si - Grabación DRD 2001 - Hitachi=2585 | ||
| 520 | |a La fotosíntesis. Proceso de conversión de la energía solar para constituir el alimento. Su importancia en la continuidad de la vida. La clorofila. Experimentación en algas. | ||
| 082 | 5 | 4 | |/ EDU |
| 653 | |a BIOLOGIA | ||
| 653 | |a FOTOSINTESIS | ||
| 653 | |a CLOROFILA | ||
| 653 | |a BOTANICA | ||
| 653 | |a REINO VEGETAL | ||
| 653 | |a PLANTAS | ||
| 653 | |a NIVEL PRIMARIO | ||
| 653 | |a NIVEL SECUNDARIO | ||
| 859 | |a CEMS |b BIB. CEMS - Depto. Recursos Didacticos |h 541 |i EDU |k DRD |p 1249.12 |t Ej.1 | ||
